Čičmany from the life and work of the Čičmany inhabitants ...

Bibliographic Details
Main Author: Praženicová, Viera (Author)
Corporate Author: Považské múzeum (Author)
Other Authors: Lašut, Filip, 1945-2012 (Photographer), Kollárik, František, 1917-2000 (Photographer), Šúr, Peter (Translator)
Format: Book
Language:English
PhysicalDescription:1 skladačka ([12]) s. fareb. fotogr., mp. 21 x 10 cm
Published: Žilina Považské múzeum 1996
ISBN:8096718355
Subjects:

MARC

LEADER 00000nam a2200000 a 4500
001 vtls001220275
003 SK-MaSNL
005 20260301092218.0
008 240318s1996 xo ob g c 00000 eng
015 |a SNBE1996/0201124 
020 |a 8096718355 
035 |a SNK000164941 
040 |a SNK  |b slo  |c SNK  |e AACR2 
041 0 |a eng 
044 |a xo  |c SK 
080 |a 39+728.031.4:061.4(083.9)=20  |2 1981 
080 |a 728.031.4  |2 1981 
080 |a 908.437.658  |2 1981 
100 1 |a Praženicová, Viera  |4 aut  |9 11171 
245 1 0 |a Čičmany  |b from the life and work of the Čičmany inhabitants ...  |c [author: Viera Praženicová ; translators: Peter Šúr ; graphical layot Táňa Gašparová ; photographs made by Filip Lašut, František Kollárik] 
260 |a Žilina  |b Považské múzeum  |c 1996 
300 |a 1 skladačka ([12]) s.  |b fareb. fotogr., mp.  |c 21 x 10 cm 
500 |a Údaje o zodp. doplnené z tiráže 
650 0 7 |a etnografia  |2 SNKPH  |9 950 
650 0 7 |a zvyky a obyčaje  |2 SNKPH  |9 4086 
650 0 7 |a ľudová architektúra  |2 SNKPH  |9 2956 
651 7 |a Žilina (Slovensko)  |2 SNKPH  |9 28812 
651 7 |a Čičmany (Slovensko)  |2 SNKPH  |9 69879 
655 7 |a katalógy výstav  |2 SNKPH  |9 70445 
700 1 |a Gašparová, Táňa  |4 bkd  |9 43858 
700 1 |a Lašut, Filip,  |d 1945-2012  |4 pht  |9 151668 
700 1 |a Kollárik, František,  |d 1917-2000  |4 pht  |9 229646 
700 1 |a Šúr, Peter  |4 trl  |9 47283 
710 2 |a Považské múzeum  |4 aut  |9 33264 
919 |a 80-967183-5-5 
999 |c 673263  |d 675193 
952 |t P60, <09>, [BOOK], {629}  |a SNK  |b SNK  |y NEVYP  |7 0  |0 0  |1 0  |4 0  |d 1996-09-11  |l 0  |r 2005-01-01 00:00:00  |w 2026-02-23 
952 |t P60, <03>, [BOOK], {603}  |a SNK  |b SNK  |y PREZ  |7 0  |p 17A0009516  |o snkOSC 18655  |i snkKSP 7387/96  |0 0  |1 0  |4 0  |d 1996-09-11  |l 0  |r 2005-01-01 00:00:00  |w 2026-02-23 
952 |t P60, <04>, [BOOK], {604}  |a SNK  |b SNK  |y VYP  |7 0  |p 17A0009515  |o snkOSC 18655 D1  |i snkKSP 7388/96  |0 0  |1 0  |4 0  |d 1996-09-11  |l 0  |r 2005-01-01 00:00:00  |w 2026-02-23